01220nam a2200229 a 4500008004100000020001500041050001600056100002000072245008800092260004100180300002000221350000900241650003300250650005700283650001300340700002200353995016400375995016400539999001700703952013500720952013500855120416s1997 ||||||||||||||||| || u a075062051X aHD 75.6 Bus aBansal, Pratima10aBusiness and the natural environmentcedited by Pratima Bansal and Elizabeth Howard aOxford:bButterworth-Heinemannc1997 ax, 278p. : ill. a0.00 aENVIRONMENTAL RESPONSIBILITY aINDUSTRIAL MANAGEMENT--EUROPE--ENVIRONMENTAL ASPECTS 0aBUSINESS aHoward, Elizabeth aMAIN LIBRARY OPEN ACCESSD0.00e730222FCBU-MAIN LIBRARY (Kitwe)H1I0.00jHD 75.6 BusM1UAVAILABLEWJun 28, 2006y027228ZMain Library Open Access Collection aMAIN LIBRARY OPEN ACCESSD0.00e741130FCBU-MAIN LIBRARY (Kitwe)H1I0.00jHD 75.6 BUSM3UAVAILABLEWMar 30, 2010y741130ZMain Library Open Access Collection c77867d77867 00102lcc4070a001b001cMain Library Open Access Collectiond2023-05-03l0oHD 75.6 Busp027228r2023-05-03t1w2023-05-03y002 00102lcc4070a001b001cMain Library Open Access Collectiond2023-05-03l0oHD 75.6 Busp741130r2023-05-03t2w2023-05-03y002